[Event "WYCC 2018 O16"]
[Site "Halkidiki"]
[Date "2018.10.24"]
[Round "6"]
[White "Bekturov, Tamerlan"]
[Black "Vestby-Ellingsen, Mads"]
[Result "1-0"]
[WhiteElo "2297"]
[BlackElo "2410"]
[Annotator "TA"]
[PlyCount "91"]
[EventDate "2018.10.20"]
[EventType "swiss"]
[EventCountry "GRE"]
[SourceTitle "playchess.com"]
[Source "ChessBase"]
[SourceQuality "1"]

{[%evp 25,91,76,59,75,65,65,59,45,46,49,56,57,144,142,160,85,113,112,124,110,108,69,148,150,147,155,151,125,262,167,166,167,167,167,161,176,176,169,158,160,162,154,212,211,207,207,333,256,242,232,237,223,375,370,400,387,349,218,493,435,574,564,809,773,638,650,12835,11741]} 1. d4 Nf6 2. c4 g6 3. Nc3 d5 4. Nf3 Bg7 5. Bg5 Ne4 6. Bh4 Nxc3 7. bxc3 dxc4 8. e3 Be6 9. Qb1 c5 {D91: Grünfeld: 4 Nf3 Bg7 5 Bg5} (9... Qd5 10. Be2 Bf5 11. Qb4 c5 12. Qb5+ Bd7 13. Qxc4 Bc6 14. Qb3 e6 15. c4 Qd7 16. Ne5 Qc7 17. O-O {½-½ (124) Wei,Y (2743)-Svidler,P (2768) Wijk aan Zee 2018}) 10. Qxb7 Bd5 11. Qb5+ Nd7 12. Bxc4 Rb8 13. Qa4 Bxc4 {LiveBook: 3 Games} 14. Qxc4 cxd4 15. exd4 Nb6 $146 ({Predecessor:} 15... O-O 16. O-O Qa5 17. Qd3 Rfc8 18. Rfc1 e5 19. Bg3 Rb2 20. Nxe5 Nxe5 21. dxe5 Bxe5 {½-½ (21) Jedlicka,A (2253)-Kavcic,Z (2349) Olomouc 2018}) 16. Qb5+ Qd7 $1 {[%cal Rd7b5]} 17. Rb1 Qxb5 18. Rxb5 Kd7 (18... O-O $14) 19. Bg3 $36 {[%mdl 2048] Black is under strong pressure.} Rbc8 20. Kd2 (20. Ra5 $142 $1) 20... Rc4 21. Kd3 {Threatens to win with Rxb6!} Ra4 22. Ra1 Rc8 23. Nd2 Ra3 ({Avoid the trap} 23... Rxc3+ $2 24. Kxc3 Bxd4+ 25. Kb3 $18) (23... Bf8 $14) 24. Ne4 Ke8 25. Rb3 Ra5 26. Nc5 Kf8 (26... Na4 $16) 27. f4 Na4 28. Nxa4 Rxa4 {[#]} 29. a3 $1 {[%cal Ba2a3,Ba3a4][%mdl 32]} e6 30. Rb4 Ra6 31. a4 Bf6 32. Bf2 Be7 33. Rb7 Rac6 {[#]} (33... Ke8 $16 34. Be3 Rac6) 34. Be1 $1 $18 ({Stronger than} 34. Rxa7 Rxc3+ 35. Ke2 Rc2+ 36. Kf1 Bf6 $11) 34... a6 35. Rab1 Rc4 (35... Bd8 {was called for.} 36. Ra7 Ke8) 36. Rb8 Bd8 37. Rxc8 Rxc8 {[%mdl 4096] Endgame KRB-KRB} 38. c4 {[%cal Bc3c4,Bc4c5,Bc5c6][%mdl 32]} Ke8 $2 (38... Bc7 {might work better.} 39. g3 Rb8 40. Rxb8+ Bxb8) 39. Rb7 Bc7 40. g3 Kd8 41. c5 Ra8 $2 (41... Rb8 {was worth a try.} 42. Rxb8+ Bxb8) 42. Kc4 {White is clearly winning.} Kc8 43. c6 Kd8 44. d5 exd5+ 45. Kxd5 Kc8 46. Bc3 {Precision: White = 66%, Black = 35%.} 1-0

[Event "WYCC 2018 O16"]
[Site "Halkidiki"]
[Date "2018.10.24"]
[Round "6"]
[White "Travadon, Loic"]
[Black "Triantos, Konstantinos"]
[Result "1-0"]
[WhiteElo "2293"]
[BlackElo "2002"]
[Annotator "NA"]
[PlyCount "97"]
[EventDate "2018.10.20"]
[EventType "swiss"]
[EventCountry "GRE"]
[SourceTitle "playchess.com"]
[Source "ChessBase"]
[SourceQuality "1"]
[TimeControl "40/5400+30:1800+30"]

1. e4 {[%emt 0:00:09]} c5 {[%emt 0:00:00]} 2. Nc3 {[%emt 0:00:04]} d6 {[%emt 0:02:29]} 3. Nge2 {[%emt 0:01:52]} Nc6 {[%emt 0:00:36]} 4. d4 {[%emt 0:00:05]} cxd4 {[%emt 0:00:05]} 5. Nxd4 {[%emt 0:00:03]} Nf6 {[%emt 0:00:16]} 6. Bg5 {[%emt 0:00:05]} e6 {[%emt 0:00:06]} 7. Qd2 {[%emt 0:00:04]} a6 {[%emt 0:00:04]} 8. Nxc6 {[%emt 0:00:03]} bxc6 {[%emt 0:00:06]} 9. O-O-O {[%emt 0:00:03]} h6 {[%emt 0:03:52]} 10. Bf4 {[%emt 0:00:07]} d5 {[%emt 0:00:31]} 11. Qe3 {[%emt 0:00:08]} Bb4 {[%emt 0:00:07]} 12. Be2 {[%emt 0:00:08] B66: Sicilian: Richter-Rauzer: 7...a6 8 0-0-0 h6} O-O {[%emt 0:00:23]} 13. e5 {[%emt 0:00:10]} Nh7 {[%emt 0:00:04]} (13... Nd7 14. Qg3 Kh8 15. Qh3 Kg8 16. Rd3 Be7 17. Rg3 Bh4 18. Bxh6 g6 19. Rg4 Bxf2 20. Rf1 Bc5 21. Bg5 Be7 22. Bxe7 Qxe7 23. Qh6 Nxe5 24. Rh4 {1-0 (24) Wang,H (2709)-Ivanchuk,V (2726) Huaian 2017}) 14. Ne4 {[%emt 0:01:00]} f5 {[%emt 0:01:11] LiveBook: 5 Games} 15. exf6 {[%emt 0:00:23]} Nxf6 {[%emt 0:00:10]} 16. Nxf6+ {[%emt 0:00:06]} Qxf6 {[%emt 0:00:06]} 17. Be5 {[%emt 0:00:14]} Bc5 {[%emt 0:00:57]} 18. Bxf6 {[%emt 0:19:13]} Bxe3+ {[%emt 0:00:32]} 19. fxe3 {[%emt 0:00:01]} Rxf6 {[%emt 0:01:08]} 20. e4 $146 {[%emt 0:01:19]} Bb7 {[%emt 0:12:09]} 21. Bf3 {[%emt 0:00:22]} Rd8 {[%emt 0:03:07]} 22. exd5 {[%emt 0:01:38]} exd5 {[%emt 0:04:44]} 23. Rhe1 {[%emt 0:00:19]} Kf7 {[%emt 0:04:07]} 24. Re3 {[%emt 0:00:09]} Bc8 {[%emt 0:09:22]} 25. Rd4 {[%emt 0:02:10]} g6 {[%emt 0:08:46]} 26. Kd2 {[%emt 0:03:25]} Rf5 {[%emt 0:07:06]} 27. Rc3 {[%emt 0:00:25]} Rf6 {[%emt 0:02:26]} 28. Rc5 {[%emt 0:02:07]} h5 {[%emt 0:01:12]} 29. c4 {[%emt 0:02:50]} Rfd6 {[%emt 0:01:33]} 30. cxd5 {[%emt 0:00:10]} cxd5 {[%emt 0:00:02]} 31. Rcxd5 {[%emt 0:00:56]} Rxd5 {[%emt 0:09:57]} 32. Rxd5 {[%emt 0:00:01]} Re8 {[%emt 0:00:19]} 33. Rc5 {[%emt 0:00:20]} Be6 {[%emt 0:01:07]} 34. b3 {[%emt 0:00:09]} Rd8+ {[%emt 0:02:16]} 35. Kc3 {[%emt 0:00:07]} Re8 {[%emt 0:01:55]} 36. Rc7+ {[%emt 0:00:08]} Kf6 {[%emt 0:00:33]} 37. Rc6 {[%emt 0:00:04]} Rc8 {[%emt 0:00:10]} 38. Rxc8 {[%emt 0:00:08]} Bxc8 {[%emt 0:00:02]} 39. Kd4 {[%emt 0:00:15]} Kg5 {[%emt 0:01:49]} 40. Be4 {[%emt 0:00:00]} h4 {[%emt 0:00:00]} 41. b4 {[%emt 0:00:31]} Bd7 {[%emt 0:00:33]} 42. Bd3 {[%emt 0:00:11]} Bc6 {[%emt 0:00:32]} 43. Bxa6 {[%emt 0:00:21]} Bxg2 {[%emt 0:00:07]} 44. Bd3 {[%emt 0:00:29]} Kg4 {[%emt 0:18:28]} 45. b5 {[%emt 0:00:29]} g5 {[%emt 0:01:13]} 46. b6 {[%emt 0:00:38]} Bb7 {[%emt 0:00:31]} 47. Be4 {[%emt 0:00:36]} Ba6 {[%emt 0:08:22]} 48. Bg2 {[%emt 0:00:06]} h3 {[%emt 0:01:16]} 49. Be4 {[%emt 0:00:16]} 1-0

[Event "WYCC 2018 O16"]
[Site "Halkidiki"]
[Date "2018.10.24"]
[Round "6"]
[White "Kamer, Kayra"]
[Black "Kalavannan, Koby"]
[Result "1/2-1/2"]
[WhiteElo "2290"]
[BlackElo "2365"]
[Annotator "NA"]
[PlyCount "69"]
[EventDate "2018.10.20"]
[EventType "swiss"]
[EventCountry "GRE"]
[SourceTitle "playchess.com"]
[Source "ChessBase"]
[SourceQuality "1"]
[TimeControl "40/5400+30:1800+30"]

1. Nf3 {[%emt 0:00:00]} c5 {[%emt 0:00:00]} 2. c4 {[%emt 0:00:00]} g6 {[%emt 0:00:00]} 3. d4 {[%emt 0:00:10]} cxd4 {[%emt 0:00:00]} 4. Nxd4 {[%emt 0:00:08]} Nc6 {[%emt 0:00:10]} 5. Nc3 {[%emt 0:00:51]} Bg7 {[%emt 0:01:07]} 6. Nb3 {[%emt 0:00:14]} Nf6 {[%emt 0:00:57]} 7. g3 {[%emt 0:00:12]} O-O {[%emt 0:00:29]} 8. Bg2 {[%emt 0:00:06]} d6 {[%emt 0:00:05]} 9. O-O {[%emt 0:00:06]} Be6 {[%emt 0:04:00] E60: King's Indian: Unusual lines and Fianchetto Variation without Nc3} 10. c5 {[%emt 0:00:08]} Bxb3 {[%emt 0:04:42]} (10... d5 11. Bg5 Rc8 12. Bxf6 Bxf6 13. Nxd5 Bxb2 14. Rb1 Bg7 15. e4 Bd7 16. Re1 e6 17. Ne3 Qc7 18. Nc4 Rb8 19. e5 b5 20. cxb6 axb6 21. Rc1 Qa7 22. Nd4 Nxd4 23. Qxd4 {½-½ (23) Nikolic,P (2620)-Rodshtein,M (2664) Germany 2013}) 11. Qxb3 {[%emt 0:00:18]} Na5 {[%emt 0:00:06]} 12. Qa3 {[%emt 0:05:26]} dxc5 {[%emt 0:01:56]} 13. Qxc5 {[%emt 0:03:16]} b6 {[%emt 0:02:02]} 14. Qb5 {[%emt 0:01:23]} Rc8 {[%emt 0:00:37]} 15. Rd1 $146 {[%emt 0:02:44]} ({Predecessor:} 15. Qa6 Qc7 16. Bf4 e5 17. Bg5 {1-0 (43) Drogilov,A (2160)-Malchikov,I (2318) Saratov 2008}) 15... Qc7 {[%emt 0:01:36]} 16. Bf4 {[%emt 0:00:50]} Qc4 {[%emt 0:01:20]} 17. Rac1 {[%emt 0:01:28]} Nh5 {[%emt 0:16:42]} 18. b3 {[%emt 0:00:35]} Qxb5 {[%emt 0:12:37]} 19. Nxb5 {[%emt 0:00:06]} Nxf4 {[%emt 0:01:08]} 20. gxf4 {[%emt 0:00:06]} a6 {[%emt 0:01:24]} 21. Na7 {[%emt 0:05:51]} Rxc1 {[%emt 0:00:37]} 22. Rxc1 {[%emt 0:00:03]} b5 {[%emt 0:04:30]} 23. Rd1 {[%emt 0:00:10]} Bc3 {[%emt 0:01:34]} 24. Rd7 {[%emt 0:02:07]} Bb4 {[%emt 0:01:42]} 25. e3 {[%emt 0:01:05]} Bd6 {[%emt 0:10:45]} 26. Bd5 Rb8 {[%emt 0:01:54]} 27. Kg2 {[%emt 0:12:49]} Kf8 {[%emt 0:06:30]} 28. Nc6 {[%emt 0:00:37]} Nxc6 {[%emt 0:00:15]} 29. Bxc6 {[%emt 0:00:04]} Rb6 $11 {[%emt 0:09:28]} 30. Rd8+ {[%emt 0:01:27]} Kg7 {[%emt 0:00:00]} 31. Rc8 {[%emt 0:00:08]} b4 {[%emt 0:01:46]} 32. Bd5 {[%emt 0:00:50]} Rb5 {[%emt 0:00:21]} 33. Bc6 {[%emt 0:00:11]} Ra5 {[%emt 0:02:56]} 34. Ba4 {[%emt 0:00:06]} Rc5 {[%emt 0:00:03]} 35. Rxc5 {[%emt 0:00:17]} 1/2-1/2

[Event "WYCC 2018 O16"]
[Site "Halkidiki"]
[Date "2018.10.24"]
[Round "6"]
[White "Jakab, Bela"]
[Black "Lianes Garcia, Marcos"]
[Result "1/2-1/2"]
[WhiteElo "2285"]
[BlackElo "2376"]
[Annotator "NA"]
[PlyCount "42"]
[EventDate "2018.10.20"]
[EventType "swiss"]
[EventCountry "GRE"]
[SourceTitle "playchess.com"]
[Source "ChessBase"]
[SourceQuality "1"]
[TimeControl "40/5400+30:1800+30"]

1. e4 {[%emt 0:00:00]} c5 {[%emt 0:00:00]} 2. c3 {[%emt 0:00:07]} Nf6 {[%emt 0:01:25]} 3. e5 {[%emt 0:00:06]} Nd5 {[%emt 0:00:21]} 4. Bc4 {[%emt 0:00:14]} Nb6 {[%emt 0:01:48]} 5. Bb3 {[%emt 0:00:07]} d5 {[%emt 0:00:22]} 6. exd6 {[%emt 0:00:11]} Qxd6 {[%emt 0:00:08]} 7. Nf3 {[%emt 0:00:30]} c4 {[%emt 0:00:48]} 8. Bc2 {[%emt 0:00:06]} Qe6+ {[%emt 0:00:32]} 9. Qe2 {[%emt 0:01:56]} Qxe2+ {[%emt 0:00:55]} 10. Kxe2 {[%emt 0:00:06]} f6 {[%emt 0:01:36]} 11. b3 {[%emt 0:20:28]} e5 {[%emt 0:14:32]} 12. Re1 {[%emt 0:03:02]} Nc6 {[%emt 0:19:07]} 13. Ba3 {[%emt 0:12:37]} Bxa3 {[%emt 0:06:48]} 14. Nxa3 {[%emt 0:00:06]} Be6 {[%emt 0:00:34]} 15. Rab1 {[%emt 0:07:20]} O-O-O {[%emt 0:04:18]} 16. bxc4 {[%emt 0:05:23]} Nxc4 $15 {[%emt 0:03:52]} 17. Bb3 {[%emt 0:01:05]} N6a5 {[%emt 0:00:45]} 18. Nxc4 {[%emt 0:00:09]} Bxc4+ {[%emt 0:00:49]} 19. Bxc4 {[%emt 0:00:07]} Nxc4 {[%emt 0:00:02]} 20. Rb4 {[%emt 0:01:18]} Nb6 {[%emt 0:05:49]} 21. d4 {[%emt 0:04:38]} exd4 {[%emt 0:08:03]} 1/2-1/2

[Event "WYCC 2018 O16"]
[Site "Halkidiki"]
[Date "2018.10.24"]
[Round "6"]
[White "Talukdar, Rohan"]
[Black "Zarubitski, Viachaslau"]
[Result "1/2-1/2"]
[WhiteElo "2279"]
[BlackElo "2417"]
[Annotator "NA"]
[PlyCount "101"]
[EventDate "2018.10.20"]
[EventType "swiss"]
[EventCountry "GRE"]
[SourceTitle "playchess.com"]
[Source "ChessBase"]
[SourceQuality "1"]
[TimeControl "40/5400+30:1800+30"]

1. e4 {[%emt 0:00:00]} c6 {[%emt 0:00:00]} 2. d4 {[%emt 0:00:19]} d5 {[%emt 0:00:00]} 3. exd5 {[%emt 0:00:22]} cxd5 {[%emt 0:00:00]} 4. Bd3 {[%emt 0:00:05]} Nc6 {[%emt 0:00:00]} 5. c3 {[%emt 0:00:07]} Qc7 {[%emt 0:00:00]} 6. Ne2 {[%emt 0:01:21]} Bg4 {[%emt 0:00:00]} 7. O-O {[%emt 0:00:12] B13: Caro-Kann: Exchange Variation and Panov-Botvinnik Attack} Nf6 {[%emt 0:00:00]} 8. Qe1 {[%emt 0:02:09]} Bh5 {[%emt 0:00:00]} 9. f4 {[%emt 0:07:21]} e6 {[%emt 0:10:50]} 10. Ng3 {[%emt 0:06:40]} Bd6 {[%emt 0:02:10]} 11. Nxh5 {[%emt 0:03:03]} Nxh5 {[%emt 0:00:05]} 12. g3 {[%emt 0:00:08]} O-O-O $146 {[%emt 0:06:45]} ({Predecessor:} 12... Nf6 13. Nd2 h5 14. Nf3 Kf8 {1-0 (43) Kovalev,V (2641)-Svane,R (2586) Moscow 2018}) 13. Nd2 {[%emt 0:01:02]} Rde8 {[%emt 0:14:37]} 14. Qe2 {[%emt 0:05:19]} g6 {[%emt 0:01:54]} 15. Nf3 {[%emt 0:00:31]} f6 {[%emt 0:06:38]} 16. Be3 {[%emt 0:09:48]} e5 {[%emt 0:00:56]} 17. fxe5 {[%emt 0:00:41]} fxe5 {[%emt 0:00:55]} 18. dxe5 {[%emt 0:00:35]} Nxe5 {[%emt 0:00:39]} 19. Bd4 {[%emt 0:00:41]} Nxd3 {[%emt 0:12:19]} 20. Qxd3 {[%emt 0:00:11]} Rhf8 {[%emt 0:00:10]} 21. Ng5 {[%emt 0:06:47]} ({Reject} 21. Bxa7 Bxg3 22. Kh1 Qd7 $11) 21... Qe7 {[%emt 0:03:54]} 22. Rxf8 {[%emt 0:01:10]} Rxf8 {[%emt 0:00:24]} 23. Qe3 {[%emt 0:00:21]} Qxe3+ {[%emt 0:13:07]} 24. Bxe3 {[%emt 0:00:03]} h6 {[%emt 0:00:19]} 25. Nh3 {[%emt 0:01:14]} Re8 {[%emt 0:00:15]} 26. Bxa7 {[%emt 0:15:46]} Re2 {[%emt 0:00:45]} 27. Bd4 {[%emt 0:11:37]} Rxb2 {[%emt 0:01:47]} 28. a4 {[%emt 0:03:24]} Be7 {[%emt 0:07:12] [#]} 29. Rf1 $1 {[%emt 0:01:21]} Bd6 {[%emt 0:07:27]} 30. Rf7 {[%emt 0:02:28]} Re2 {[%emt 0:01:58]} 31. Rh7 {[%emt 0:01:32]} Re1+ {[%emt 0:01:26]} 32. Kf2 {[%emt 0:02:58]} Re6 {[%emt 0:00:01]} 33. Rxh6 {[%emt 0:00:13]} Nf6 {[%emt 0:00:01]} 34. Rh8+ {[%emt 0:01:34]} Kd7 {[%emt 0:01:08]} 35. Ng5 {[%emt 0:01:33]} Ng4+ {[%emt 0:00:44]} 36. Kf3 {[%emt 0:02:06]} Ne5+ {[%emt 0:00:09]} 37. Kg2 {[%emt 0:00:01]} Re7 $16 {[%emt 0:01:38]} 38. h4 {[%emt 0:03:19]} Nc6 {[%emt 0:00:11]} 39. Rh7 {[%emt 0:04:53]} Nxd4 {[%emt 0:00:38]} 40. cxd4 {[%emt 0:00:00]} Rxh7 {[%emt 0:00:00]} 41. Nxh7 {[%emt 0:01:58]} Be7 {[%emt 0:01:35]} 42. Kf3 {[%emt 0:03:09]} Kc6 {[%emt 0:00:30]} 43. Kf4 {[%emt 0:00:50]} Bd6+ {[%emt 0:01:05]} 44. Kg4 {[%emt 0:02:48]} b5 {[%emt 0:07:44]} 45. axb5+ {[%emt 0:04:03]} Kxb5 {[%emt 0:00:00]} 46. Nf6 {[%emt 0:02:00]} Kc4 {[%emt 0:00:37]} 47. Nxd5 {[%emt 0:00:16]} Kxd5 {[%emt 0:00:09]} 48. Kg5 {[%emt 0:00:05]} Bxg3 {[%emt 0:00:06]} 49. Kxg6 {[%emt 0:00:05]} Bxh4 {[%emt 0:00:02]} 50. Kh5 {[%emt 0:00:07]} Kxd4 {[%emt 0:00:05]} 51. Kxh4 {[%emt 0:00:06]} 1/2-1/2

[Event "WYCC 2018 O16"]
[Site "Halkidiki"]
[Date "2018.10.24"]
[Round "6"]
[White "Chukavin, Kirill"]
[Black "Mitsis, Georgios"]
[Result "1-0"]
[WhiteElo "2274"]
[BlackElo "2350"]
[Annotator "NA"]
[PlyCount "81"]
[EventDate "2018.10.20"]
[EventType "swiss"]
[EventCountry "GRE"]
[SourceTitle "playchess.com"]
[Source "ChessBase"]
[SourceQuality "1"]
[TimeControl "40/5400+30:1800+30"]

1. e4 {[%emt 0:00:00]} e6 {[%emt 0:00:00]} 2. d4 {[%emt 0:00:00]} d5 {[%emt 0:00:00]} 3. Nd2 {[%emt 0:00:21]} c5 {[%emt 0:00:00]} 4. exd5 {[%emt 0:00:27]} Qxd5 {[%emt 0:00:08]} 5. Ngf3 {[%emt 0:00:33]} cxd4 {[%emt 0:00:10]} 6. Bc4 {[%emt 0:00:09]} Qd6 {[%emt 0:00:18]} 7. O-O {[%emt 0:01:12]} Nf6 {[%emt 0:00:20]} 8. Nb3 {[%emt 0:00:28]} Nc6 {[%emt 0:00:11]} 9. Nbxd4 {[%emt 0:01:25]} Nxd4 {[%emt 0:00:13]} 10. Nxd4 {[%emt 0:00:08]} a6 {[%emt 0:00:07]} 11. Re1 {[%emt 0:04:02]} Be7 {[%emt 0:00:16]} 12. c3 {[%emt 0:09:22]} O-O {[%emt 0:00:47]} 13. Qf3 {[%emt 0:03:51]} Qc7 {[%emt 0:00:38]} 14. Bd3 {[%emt 0:03:15] C07: Französische Verteidigung (Tarrasch-Variante)} Bd6 {[%emt 0:05:17]} 15. h3 {[%emt 0:09:36]} b5 $146 {[%emt 0:05:37]} ({Vorgänger:} 15... Nd7 16. Qe4 g6 17. Bc2 Re8 18. Bh6 Bf8 19. Bxf8 Rxf8 20. Rad1 Nc5 {½-½ (20) Ortiz Elias,J (2461)-Biella Bianchi,D (2455) LIPEAP corr 2002}) 16. Qxa8 {[%emt 0:28:12]} Bb7 {[%emt 0:00:12]} 17. Qa7 {[%emt 0:01:00]} Ra8 {[%emt 0:00:09]} 18. Nxb5 {[%emt 0:00:57]} Qc6 {[%emt 0:02:41]} 19. Qxb7 {[%emt 0:00:48]} Qxb7 {[%emt 0:00:10]} 20. Nxd6 {[%emt 0:00:06]} Qd5 {[%emt 0:20:37]} 21. Rd1 {[%emt 0:05:33]} Qe5 {[%emt 0:00:46]} 22. Nc4 {[%emt 0:01:31]} Qc7 {[%emt 0:00:08]} 23. Be3 {[%emt 0:02:00]} Nd5 {[%emt 0:02:35]} 24. Be2 {[%emt 0:00:29]} Rb8 {[%emt 0:01:41]} 25. Rd2 {[%emt 0:00:19]} h6 {[%emt 0:02:24]} 26. Rad1 {[%emt 0:00:37]} a5 {[%emt 0:00:18]} 27. Bd4 {[%emt 0:00:46]} Nf4 {[%emt 0:01:09]} 28. Bf1 {[%emt 0:02:09]} f6 {[%emt 0:00:08]} 29. g3 {[%emt 0:00:55]} Nxh3+ {[%emt 0:00:59]} 30. Bxh3 {[%emt 0:00:03]} Qxc4 {[%emt 0:00:06]} 31. b3 {[%emt 0:00:11]} Qc6 {[%emt 0:00:16]} 32. c4 {[%emt 0:00:27]} a4 {[%emt 0:01:48]} 33. Rd3 {[%emt 0:02:50]} h5 {[%emt 0:00:23]} 34. Be3 {[%emt 0:02:15]} axb3 {[%emt 0:00:57]} 35. axb3 {[%emt 0:00:47]} Qe4 {[%emt 0:00:55]} 36. Rd4 {[%emt 0:01:07]} Qc6 {[%emt 0:01:11]} 37. Rd6 {[%emt 0:00:12]} Qf3 {[%emt 0:00:33]} 38. Bxe6+ {[%emt 0:04:06]} Kh7 {[%emt 0:00:28]} 39. R6d5 {[%emt 0:01:31]} h4 $18 {[%emt 0:02:20]} 40. R1d4 {[%emt 0:00:00]} g5 {[%emt 0:00:00]} 41. Bg4 {[%emt 0:02:07]} 1-0

[Event "WYCC 2018 O16"]
[Site "Halkidiki"]
[Date "2018.10.24"]
[Round "6"]
[White "Peng, Hongchi"]
[Black "Araoz Andrade, Ivan Alexander"]
[Result "1-0"]
[WhiteElo "2273"]
[BlackElo "1919"]
[Annotator "NA"]
[PlyCount "69"]
[EventDate "2018.10.20"]
[EventType "swiss"]
[EventCountry "GRE"]
[SourceTitle "playchess.com"]
[Source "ChessBase"]
[SourceQuality "1"]
[TimeControl "40/5400+30:1800+30"]

1. e4 {[%emt 0:00:00]} c5 {[%emt 0:00:00]} 2. Nf3 {[%emt 0:00:00]} d6 {[%emt 0:00:00]} 3. d4 {[%emt 0:00:00]} cxd4 {[%emt 0:00:00]} 4. Nxd4 {[%emt 0:00:00]} Nf6 {[%emt 0:00:00]} 5. Nc3 {[%emt 0:00:00]} a6 {[%emt 0:00:00]} 6. Be3 {[%emt 0:00:00]} e5 {[%emt 0:00:11]} 7. Nb3 {[%emt 0:00:00]} Be6 {[%emt 0:00:14]} 8. Qd2 {[%emt 0:00:05]} Nbd7 {[%emt 0:00:12]} 9. f3 {[%emt 0:00:05]} h5 {[%emt 0:00:30]} 10. Nd5 {[%emt 0:00:48] B90: Sizilianisch (Najdorf-Variante, Abweichungen)} Bxd5 {[%emt 0:01:29]} 11. exd5 {[%emt 0:00:03]} g6 {[%emt 0:00:36]} 12. c4 {[%emt 0:01:01]} b6 {[%emt 0:01:10]} 13. Be2 {[%emt 0:01:24]} Bg7 {[%emt 0:01:00]} 14. O-O {[%emt 0:00:11]} O-O {[%emt 0:00:28] [#]} 15. f4 $146 {[%emt 0:01:00] [#]} ({Vorgänger:} 15. h3 Nh7 16. g4 hxg4 17. hxg4 Bf6 {½-½ (49) So,W (2815)-Giri,A (2785) chess.com INT 2017}) 15... Rc8 $2 {[%emt 0:45:13] [#]} (15... exf4 $1 $17 {keeps the pressure on.} 16. Bxf4 (16. Rxf4 Re8 $17) 16... Re8) 16. f5 $1 {[%emt 0:00:50]} a5 {[%emt 0:03:43]} 17. Qe1 {[%emt 0:07:50]} a4 {[%emt 0:07:11]} 18. Nd2 {[%emt 0:00:28]} b5 {[%emt 0:01:39]} 19. Qg3 {[%emt 0:06:55]} bxc4 {[%emt 0:14:04]} 20. fxg6 {[%emt 0:01:13]} c3 {[%emt 0:03:56]} 21. Nc4 {[%emt 0:10:19]} Ne4 {[%emt 0:06:12]} 22. gxf7+ {[%emt 0:01:57]} Rxf7 {[%emt 0:00:02]} 23. Qg6 {[%emt 0:00:08]} Rxf1+ {[%emt 0:01:09]} 24. Rxf1 {[%emt 0:00:02]} Ndf6 {[%emt 0:00:25]} 25. Bd3 {[%emt 0:05:21]} cxb2 {[%emt 0:04:07]} 26. Nxb2 $18 {[%emt 0:00:42]} (26. Bxe4 Rxc4 27. Bd3 Rg4 $17) 26... Nc3 {[%emt 0:00:56]} 27. Bf5 {[%emt 0:01:33]} Rb8 {[%emt 0:02:34]} 28. Nc4 {[%emt 0:03:59]} Ne2+ {[%emt 0:02:05]} 29. Kh1 {[%emt 0:00:13]} Nd4 {[%emt 0:01:54]} 30. Bd3 {[%emt 0:04:00]} Qe7 {[%emt 0:02:28]} 31. Bg5 {[%emt 0:00:14]} Rf8 {[%emt 0:00:42]} 32. Nd2 {[%emt 0:00:26]} Qf7 {[%emt 0:01:14]} 33. Rxf6 {[%emt 0:00:49]} Qxf6 {[%emt 0:00:33]} 34. Qh7+ {[%emt 0:00:31]} Kf7 {[%emt 0:00:10]} 35. Bxf6 {[%emt 0:00:02]} 1-0

[Event "WYCC 2018 O16"]
[Site "Halkidiki"]
[Date "2018.10.24"]
[Round "6"]
[White "De Waele, Warre"]
[Black "Wachinger, Nikolas"]
[Result "0-1"]
[WhiteElo "2272"]
[BlackElo "2360"]
[Annotator "NA"]
[PlyCount "68"]
[EventDate "2018.10.20"]
[EventType "swiss"]
[EventCountry "GRE"]
[SourceTitle "playchess.com"]
[Source "ChessBase"]
[SourceQuality "1"]
[TimeControl "40/5400+30:1800+30"]

1. d4 {[%emt 0:00:00]} Nf6 {[%emt 0:00:00]} 2. c4 {[%emt 0:00:00]} g6 {[%emt 0:00:00]} 3. Nc3 {[%emt 0:00:00]} Bg7 {[%emt 0:00:00]} 4. e4 {[%emt 0:00:00]} d6 {[%emt 0:00:08]} 5. Nf3 {[%emt 0:00:04]} O-O {[%emt 0:00:10]} 6. Be2 {[%emt 0:00:04]} e5 {[%emt 0:00:11]} 7. d5 {[%emt 0:00:07]} a5 {[%emt 0:00:30]} 8. Bg5 {[%emt 0:00:05]} h6 {[%emt 0:01:19] LiveBook: 1366 Games} 9. Be3 {[%emt 0:00:03]} Ng4 {[%emt 0:01:07] E92: King's Indian: Classical: 6 Be2 e5: 7 dxe5, 7 Be3 and Petrosian System without 7...Nbd7} 10. Bd2 {[%emt 0:00:04]} f5 {[%emt 0:00:19]} 11. h3 {[%emt 0:00:05]} Nf6 {[%emt 0:00:59]} 12. exf5 {[%emt 0:00:03]} gxf5 {[%emt 0:00:10]} 13. Qc1 {[%emt 0:00:02]} (13. g3 Na6 14. Qc1 Kh7 15. Nh4 Nc5 16. Be3 Nfe4 17. Nxe4 Nxe4 {½-½ (42) Korobov,A (2678)-Kovalev,V (2650) Poikovsky 2018}) 13... f4 {[%emt 0:00:17]} 14. g3 {[%emt 0:01:52]} e4 {[%emt 0:01:43]} 15. Nh4 {[%emt 0:00:30]} e3 {[%emt 0:00:39]} 16. fxe3 {[%emt 0:00:05]} fxg3 {[%emt 0:00:05]} 17. Ng6 {[%emt 0:00:05]} Re8 $146 {[%emt 0:05:17]} 18. Nf4 {[%emt 0:00:05]} Bf5 {[%emt 0:07:23]} 19. Rg1 {[%emt 0:23:56]} Na6 {[%emt 0:03:16]} 20. Rxg3 {[%emt 0:00:38]} Nc5 21. Bf3 Kh7 {[%emt 0:18:15]} 22. Kf2 {[%emt 0:02:15]} Nfe4+ {[%emt 0:16:03]} 23. Nxe4 {[%emt 0:00:57]} Rxe4 {[%emt 0:08:33]} 24. Rxg7+ {[%emt 0:33:39]} (24. Kg1 $11) 24... Kxg7 {[%emt 0:00:13]} 25. Bxe4 {[%emt 0:03:54]} Nxe4+ {[%emt 0:00:54]} 26. Kf3 {[%emt 0:06:31]} Kh7 {[%emt 0:04:33]} 27. Bc3 {[%emt 0:04:24]} Qg5 {[%emt 0:09:42]} 28. Qg1 {[%emt 0:04:26] [#]} Qe7 $19 {[%emt 0:02:16]} 29. Be1 {[%emt 0:03:10]} Ng5+ {[%emt 0:02:31]} 30. Ke2 {[%emt 0:02:14]} Qe4 {[%emt 0:00:41]} 31. Qg2 {[%emt 0:02:21]} Qxc4+ {[%emt 0:01:16]} 32. Kd1 {[%emt 0:01:29]} Be4 {[%emt 0:01:52]} 33. Qd2 {[%emt 0:00:05]} Bf3+ {[%emt 0:00:19]} 34. Ne2 {[%emt 0:00:22]} Ne4 0-1